Penyewaku, permataku : panduan lengkap dan mudah supaya anda boleh menjadi tuan rumah yang terhebat!

Bibliographic Details
Main Author: Leong, Renesial (Author)
Format: Book
Language:Malay
Published: Kuala Lumpur : Right Lifestyle Sdn Bhd 2004
Subjects:

MARC

LEADER 00000cam a2200000 7i4500
001 0000027956
005 20241120.0
008 180409 my may
020 |a 9834140177 
040 |a INS   |b eng   |e rda 
090 0 0 |a HD1382.5   |b R46 2004 
100 1 |a Leong, Renesial ,   |e author 
245 1 0 |a Penyewaku, permataku :   |b panduan lengkap dan mudah supaya anda boleh menjadi tuan rumah yang terhebat!   |c Renesial Leog 
264 1 |a Kuala Lumpur :   |b Right Lifestyle Sdn Bhd   |c 2004 
264 4 |a ©2004 
300 |a 205 pages ;   |c 23 cm. 
336 |a text  |2 rdacontent 
337 |a unmediated  |2 rdamedia 
338 |a volume  |2 rdacarrier 
650 0 |a Real estate investment 
650 0 |a Real property   |x Valuation 
999 |a 1000003418   |b BOOK   |c Open Shelf   |e Default branch